| 000 | 00545nam a2200217 a 4500 | ||
|---|---|---|---|
| 003 | AR-BaBNM | ||
| 005 | 20251128203157.0 | ||
| 008 | 082120s2002 ||||||||||||||000 | spa|| | ||
| 040 | _cAR-BaBNM | ||
| 100 | 1 | _aGuardia, Alfredo de la | |
| 245 | 0 | 0 | _aHay que humanizar el teatro |
| 260 |
_aBuenos Aires _bLa Pleyade _c1971 |
||
| 300 | _a107 p. | ||
| 650 | 4 | _aHISTORIA DEL ARTE | |
| 650 | 4 | _aCRITICA LITERARIA | |
| 650 | 4 | _aPRODUCCION TEATRAL | |
| 653 | _aCRITICA TEATRAL | ||
| 653 | _aTEATRO DEL ABSURDO | ||
| 942 | _cBK | ||
| 998 | _cisola | ||
| 999 |
_c2246 _d2246 |
||